| 000 | 00836nam a2200217Ia 4500 | ||
|---|---|---|---|
| 003 | GCL | ||
| 008 | 140319s9999 xx 000 0 ara d | ||
| 040 |
_aGCL / _cGCL |
||
| 082 | 0 | 4 |
_a953.001 _bع ج |
| 100 | 1 | _aعبدالقادر محمود | |
| 245 | 1 | 0 |
_aالجزيرة العربية قبل الاسلام : الكتاب الثانى / _cعبدالقادر محمود |
| 700 | 1 | _aسامى الصقار | |
| 700 | 1 | _aعبدالرحمن الطيب الانصارى | |
| 260 |
_aالرياض : _bمطابع جامعة الملك سعود ، _c1984 |
||
| 300 |
_aمتعدد ؛ _c30 سم |
||
| 490 |
_aسلسلة دراسات تاريخ الجزيرة العربية _v0 |
||
| 650 | 0 | 4 | _aالعصر الجاهلى |
| 650 | 0 | 4 | _aشبه الجزيرة العربية |
| 650 | 0 | 4 | _aالتاريخ الاسلامى |
| 942 |
_2ddc _cBK |
||
| 999 |
_c35217 _d35217 |
||